[Event "AUTO-INT-1087"]
[Site "http://www.queenalice.com/game.php?id=485838"]
[Date "2008.10.31"]
[Round "1"]
[White "Cornealius"]
[Black "DomBeto"]
[Result "1-0"]
[WhiteElo "2003"]
[BlackElo "1510"]

1. e4 c6 2. d4 d5 3. Nc3 dxe4 4. Nxe4 Bf5 5. Ng3 Bg6 6. h4 h5 7. Nh3 Nd7 8. Nf4
Bh7 9. Ngxh5 Ngf6 10. Ng3 e6 11. Bd3 Bxd3 12. Nxd3 Bd6 13. Qf3 Qc7 14. Bf4 Bxf4
15. Qxf4 Qxf4 16. Nxf4 O-O-O 17. f3 1-0

[Event "AUTO-INT-1087"]
[Site "http://www.queenalice.com/game.php?id=485839"]
[Date "2008.10.31"]
[Round "1"]
[White "DomBeto"]
[Black "Cornealius"]
[Result "0-1"]
[WhiteElo "1510"]
[BlackElo "2003"]

1. e4 c5 2. Nf3 d6 3. d4 cxd4 4. Nxd4 Nf6 5. Nc3 a6 6. Be3 e5 7. Nb3 Be6 8. f3
Be7 9. Qd2 O-O 10. O-O-O Nbd7 11. h4 b5 12. g4 b4 13. Nd5 Bxd5 14. exd5 a5 15.
h5 a4 16. Na1 Nb6 0-1

[Event "AUTO-INT-1087"]
[Site "http://www.queenalice.com/game.php?id=485841"]
[Date "2008.10.31"]
[Round "1"]
[White "Krajnicov"]
[Black "Cornealius"]
[Result "0-1"]
[WhiteElo "1506"]
[BlackElo "1967"]

1. e4 c5 2. Qf3 Nc6 3. Bc4 e6 4. c3 Nf6 5. Na3 Be7 6. Qf4 d6 7. Qg5 O-O 8. h4
Nxe4 9. Qg4 d5 10. Be2 e5 11. Qf3 f5 12. Bb5 Bd7 13. d3 Nf6 14. Qg3 Qc7 15. f4
e4 16. h5 Bd6 17. Qg5 Rae8 18. Rh3 exd3+ 19. Kf2 Ne4+ 20. Kf1 Nxg5 21. Rg3 Bxf4
0-1

[Event "AUTO-INT-1087"]
[Site "http://www.queenalice.com/game.php?id=485842"]
[Date "2008.10.31"]
[Round "1"]
[White "Cornealius"]
[Black "Adinirso"]
[Result "1-0"]
[WhiteElo "1976"]
[BlackElo "1670"]

1. e4 e5 2. Nf3 Nc6 3. Bb5 Nge7 4. O-O a6 5. Ba4 h6 6. c3 b5 7. Bb3 Bb7 8. d4
exd4 9. cxd4 Ng6 10. a3 Bd6 11. Re1 O-O 12. Qc2 Kh7 13. h4 Kh8 14. h5 Nf4 15. e5
Nxd4 16. Nxd4 Be7 17. Bxf4 c5 18. Nf5 c4 19. Ba2 Rc8 20. Nc3 Rc5 21. Bb1 Bd5 22.
Nxe7 f5 23. exf6 Bg8 24. Ng6+ 1-0

[Event "AUTO-INT-1087"]
[Site "http://www.queenalice.com/game.php?id=485843"]
[Date "2008.10.31"]
[Round "1"]
[White "Adinirso"]
[Black "Cornealius"]
[Result "1-0"]
[WhiteElo "1667"]
[BlackElo "1966"]

1. e4 c5 2. Bc4 e6 3. d3 Nc6 4. a3 Nf6 5. Nc3 Be7 6. h3 O-O 7. Nf3 d6 8. Bf4 a6
9. O-O b5 10. Bb3 Bb7 11. Re1 Rc8 12. Bg3 Na5 13. Ba2 c4 14. dxc4 Nxc4 15. Bxc4
Rxc4 16. Qd3 Qb6 17. b3 Rcc8 18. b4 Qc6 19. Re3 Nh5 20. Nd4 Qc4 21. Qd2 Nxg3 22.
Rxg3 1-0

[Event "AUTO-ADV-1107"]
[Site "http://www.queenalice.com/game.php?id=492385"]
[Date "2008.11.13"]
[Round "1"]
[White "Cornealius"]
[Black "Melchiorvsky"]
[Result "1-0"]
[WhiteElo "2000"]
[BlackElo "1623"]

1. e4 e6 2. d4 d5 3. Nc3 Bb4 4. e5 c5 5. a3 Ba5 6. b4 cxb4 7. Nb5 Bc7 8. f4 a6
9. axb4 Nc6 10. c3 Bd7 11. Nxc7+ Qxc7 12. Nf3 Nge7 13. Be2 O-O 14. O-O f6 15.
exf6 Rxf6 16. Bd3 Raf8 17. Qc2 Ng6 18. b5 axb5 19. g3 Rc8 20. Bxb5 1-0

[Event "AUTO-ADV-1107"]
[Site "http://www.queenalice.com/game.php?id=492386"]
[Date "2008.11.13"]
[Round "1"]
[White "Melchiorvsky"]
[Black "Cornealius"]
[Result "0-1"]
[WhiteElo "1924"]
[BlackElo "1967"]

1. c4 Nf6 2. Nf3 g6 3. d4 Bg7 4. Nc3 O-O 5. e4 d6 6. Be2 e5 7. d5 a5 8. a4 Na6
9. O-O Ne8 10. Bd2 f5 11. Bd3 f4 12. g3 Nc5 13. Bc2 Bh3 14. Re1 fxg3 15. fxg3
Nf6 16. Bg5 h6 17. Bxf6 Qxf6 18. Re3 h5 19. Qe2 Bh6 0-1

[Event "AUTO-ADV-1107"]
[Site "http://www.queenalice.com/game.php?id=492387"]
[Date "2008.11.13"]
[Round "1"]
[White "Cornealius"]
[Black "afonso092"]
[Result "1-0"]
[WhiteElo "1927"]
[BlackElo "1931"]

1. e4 e5 2. Nf3 d6 3. d4 exd4 4. Nxd4 Bd7 5. Nc3 Nc6 6. Be3 Nf6 7. Qd2 Ng4 8.
Bf4 Be7 9. Nd5 Nxd4 10. Qxd4 Nf6 11. Nxe7 Qxe7 12. f3 O-O 13. O-O-O h6 14. g4
Nh7 15. h4 f6 16. Kb1 a6 17. Be2 Be6 18. Qd2 Qf7 19. a3 Qe7 20. Rdg1 Bf7 21. g5
fxg5 22. hxg5 hxg5 23. Bxg5 Nxg5 24. Rxg5 Be6 25. Rhg1 Rf7 26. f4 Bd7 27. Bh5
Raf8 28. Bxf7+ Rxf7 29. Qd5 Be6 30. Qxb7 Qf6 31. f5 Bc4 32. Qc8+ 1-0

[Event "AUTO-ADV-1107"]
[Site "http://www.queenalice.com/game.php?id=492388"]
[Date "2008.11.13"]
[Round "1"]
[White "afonso092"]
[Black "Cornealius"]
[Result "0-1"]
[WhiteElo "1912"]
[BlackElo "1981"]

1. e4 c6 2. Nf3 d5 3. exd5 cxd5 4. d4 Nc6 5. h3 Bf5 6. a3 e6 7. Be2 Bd6 8. O-O
h6 9. Nc3 Nf6 10. Be3 O-O 11. Nh2 Rc8 12. Bd3 Bxd3 13. Qxd3 a6 14. Ne2 Qc7 15.
Nf3 Na5 16. c3 Rfe8 17. Nd2 Nc4 18. Nxc4 Qxc4 19. Qxc4 Rxc4 20. f3 Rec8 21. Bf2
R4c6 22. Bh4 Ne8 23. f4 g6 24. Kh1 b5 25. g4 Ng7 26. Ng1 a5 27. Be1 b4 28. axb4
axb4 29. cxb4 Rb6 30. Ra4 Rcb8 31. Ne2 Bxb4 32. Bxb4 Rxb4 33. Rxb4 Rxb4 34. Rb1
Ne8 35. Kg2 Nd6 36. b3 Nb5 37. Rd1 Rxb3 38. Rd2 Kf8 39. h4 Kg7 40. Ng3 Rb4 41.
f5 Rxd4 42. Rxd4 Nxd4 43. fxe6 fxe6 44. Kf2 Kf6 45. Ke3 e5 46. Kd3 Nf3 47. h5
gxh5 48. gxh5 Kg5 49. Ke3 Kg4 0-1

[Event "AUTO-ADV-1107"]
[Site "http://www.queenalice.com/game.php?id=492389"]
[Date "2008.11.13"]
[Round "1"]
[White "Cornealius"]
[Black "andrevillares"]
[Result "0-1"]
[WhiteElo "1914"]
[BlackElo "2019"]

1. e4 Nf6 2. e5 Nd5 3. d4 d6 4. Nf3 Bg4 5. Be2 Nc6 6. c4 Nb6 7. exd6 exd6 8. O-O
Be7 9. Nbd2 O-O 10. h3 Bh5 11. d5 Nb8 12. Qc2 Bf6 13. Ne4 N8d7 14. Nxf6+ Nxf6
15. Bg5 h6 16. Bh4 Bg6 17. Bd3 Bxd3 18. Qxd3 g5 19. Bg3 Re8 20. Rfe1 Qd7 21. Nd4
Re7 22. Nf5 Rxe1+ 23. Rxe1 Nxc4 24. Nxh6+ Kg7 25. Nf5+ Kf8 26. Qxc4 Qxf5 0-1

[Event "AUTO-ADV-1107"]
[Site "http://www.queenalice.com/game.php?id=492390"]
[Date "2008.11.13"]
[Round "1"]
[White "andrevillares"]
[Black "Cornealius"]
[Result "1-0"]
[WhiteElo "2006"]
[BlackElo "1927"]

1. d4 Nf6 2. c4 g6 3. Nc3 Bg7 4. e4 d6 5. Nf3 O-O 6. Be2 e5 7. O-O Nc6 8. d5 Ne7
9. Bg5 h6 10. Be3 Ng4 11. Bd2 f5 12. h3 Nf6 13. exf5 gxf5 14. Qc1 f4 15. Bd3 Bf5
16. Qc2 Qd7 17. Bxf5 Nxf5 18. b4 e4 19. Nxe4 Nxe4 20. Qxe4 Bxa1 21. Rxa1 Rae8
22. Qxf4 1-0

[Event "AUTO-MASTER-681"]
[Site "http://www.queenalice.com/game.php?id=503939"]
[Date "2008.12.6"]
[Round "1"]
[White "gero79"]
[Black "Cornealius"]
[Result "1-0"]
[WhiteElo "2229"]
[BlackElo "1931"]

1. e4 e5 2. Nf3 Nc6 3. Bb5 a6 4. Ba4 Nf6 5. O-O Be7 6. Nc3 b5 7. Bb3 O-O 8. Re1
d6 9. d3 Bg4 10. h3 Bh5 11. g4 Bg6 12. a3 Na5 13. Ba2 c5 14. Nh4 Nc6 15. f4 exf4
16. Nxg6 hxg6 17. Bxf4 Nd4 18. Rf1 1-0

[Event "AUTO-MASTER-681"]
[Site "http://www.queenalice.com/game.php?id=503940"]
[Date "2008.12.6"]
[Round "1"]
[White "Cornealius"]
[Black "gero79"]
[Result "0-1"]
[WhiteElo "1935"]
[BlackElo "2226"]

1. d4 c6 2. e4 d5 3. Nc3 e6 4. Nf3 Be7 5. e5 c5 6. Ne2 Nc6 7. c3 cxd4 8. cxd4
Bb4+ 9. Bd2 Nge7 10. a3 Bxd2+ 11. Qxd2 Nf5 12. Nc3 Bd7 13. Be2 Nh4 14. Nxh4 Qxh4
15. Rd1 O-O 16. O-O f6 0-1

[Event "AUTO-MASTER-681"]
[Site "http://www.queenalice.com/game.php?id=503953"]
[Date "2008.12.6"]
[Round "1"]
[White "sogipano"]
[Black "Cornealius"]
[Result "1-0"]
[WhiteElo "2175"]
[BlackElo "2001"]

1. e4 e5 2. Nf3 Nc6 3. Nc3 Nf6 4. Bc4 Nxe4 5. O-O Nxc3 6. dxc3 h6 7. Qd5 Qf6 8.
Re1 d6 9. Bb5 Bd7 10. Nd4 Nd8 11. Bxd7+ Kxd7 12. Nf3 Nc6 13. b4 Re8 14. b5 Nd8
15. Qe4 Kc8 16. Qa4 Kb8 17. b6 Nc6 18. bxa7+ Ka8 19. Nd4 1-0

[Event "AUTO-MASTER-681"]
[Site "http://www.queenalice.com/game.php?id=503954"]
[Date "2008.12.6"]
[Round "1"]
[White "Cornealius"]
[Black "sogipano"]
[Result "0-1"]
[WhiteElo "1990"]
[BlackElo "2193"]

1. d4 d5 2. c4 Nf6 3. cxd5 c6 4. Nc3 cxd5 5. Bf4 Qb6 6. Rc1 Nc6 7. e3 Qxb2 8.
Bd3 Nb4 9. Bb5+ Bd7 10. Bxd7+ Nxd7 11. Nge2 Nxa2 12. Nxd5 Nxc1 13. Nc7+ Kd8 14.
Nxa8 Nxe2 15. Qxe2 Qc1+ 16. Qd1 Qc8 17. Nc7 e5 0-1

[Event "AUTO-MASTER-681"]
[Site "http://www.queenalice.com/game.php?id=503963"]
[Date "2008.12.6"]
[Round "1"]
[White "Cornealius"]
[Black "VladimirSpirin"]
[Result "0-1"]
[WhiteElo "1980"]
[BlackElo "2058"]

1. d4 b6 2. e4 Bb7 3. Nc3 g6 4. Be3 Bg7 5. Qd2 h6 6. f3 e6 7. Nh3 d6 8. Nf2 Ne7
9. O-O-O Nd7 10. g4 g5 11. h4 f6 12. Rh2 Ng6 13. h5 Ne7 14. Bc4 d5 15. exd5 Nxd5
16. Nxd5 exd5 17. Bd3 Nf8 0-1